<?xml version="1.0" encoding="UTF-8"?>
<record
    xmlns:xsi="http://www.w3.org/2001/XMLSchema-instance"
    xsi:schemaLocation="http://www.loc.gov/MARC21/slim http://www.loc.gov/standards/marcxml/schema/MARC21slim.xsd"
    xmlns="http://www.loc.gov/MARC21/slim">

  <leader>009380000a22001330004500</leader>
  <datafield tag="100" ind1="1" ind2=" ">
    <subfield code="a">Zapata, Rodrigo.</subfield>
  </datafield>
  <datafield tag="245" ind1="1" ind2="0">
    <subfield code="a">Importar es un proceso internacional de cuidado, pero de muchas oportunidades.</subfield>
  </datafield>
  <datafield tag="300" ind1=" " ind2=" ">
    <subfield code="a">no.11 (sep. , 2009),p.35-40q</subfield>
  </datafield>
  <datafield tag="500" ind1=" " ind2=" ">
    <subfield code="a">Ubicaci&#xF3;n: varios</subfield>
  </datafield>
  <datafield tag="520" ind1=" " ind2=" ">
    <subfield code="a">Para &#xE9;pocas donde la competencia ya no es local sino global el empresario debe no s&#xF3;lo buscar oportunidades de mercado para crecer la empresa, sino que algunos empresarios que se surten de productos nacionales pueden dar una mirada al exterior para buscar nuevos proveedores con finalidades muy claras de calidad, precio y entregas para mantenerse competitivo en el mercado nacional e internacional y con el control preciso de las importaciones; una vez se encuentren esos nuevos proveedores se puede lograr la manutenci&#xF3;n del producto en el mercado y el crecimiento de la empresa.</subfield>
  </datafield>
  <datafield tag="650" ind1="1" ind2="4">
    <subfield code="a">COMERCIO</subfield>
  </datafield>
  <datafield tag="773" ind1="0" ind2=" ">
    <subfield code="t">Revista Quid</subfield>
  </datafield>
  <datafield tag="942" ind1=" " ind2=" ">
    <subfield code="c">ANA</subfield>
  </datafield>
  <datafield tag="952" ind1=" " ind2=" ">
    <subfield code="0">0</subfield>
    <subfield code="1">0</subfield>
    <subfield code="4">0</subfield>
    <subfield code="7">0</subfield>
    <subfield code="8">HEM</subfield>
    <subfield code="a">FUSBC</subfield>
    <subfield code="b">FUSBC</subfield>
    <subfield code="d">2016-01-26</subfield>
    <subfield code="l">0</subfield>
    <subfield code="o"> </subfield>
    <subfield code="r">2016-01-26 00:00:00</subfield>
    <subfield code="w">2016-01-26</subfield>
    <subfield code="y">ANA</subfield>
  </datafield>
  <datafield tag="999" ind1=" " ind2=" ">
    <subfield code="c">63035</subfield>
    <subfield code="d">63035</subfield>
  </datafield>
</record>
